Central Library OPAC University of Rajshahi

Introduction to the differential equations of physics (Record no. 6641)

MARC details
000 -LEADER
fixed length control field 00877nam a22002771 4500
001 - CONTROL NUMBER
control field 6641
003 - CONTROL NUMBER IDENTIFIER
rucl marc code BD-RjUL
005 - DATE AND TIME OF LATEST TRANSACTION
control field 20211208234302.0
008 - FIXED-LENGTH DATA ELEMENTS--GENERAL INFORMATION
fixed length control field 140111s1948 nyu 001 0 eng d
035 ## - SYSTEM CONTROL NUMBER
System control number (BD-RjUL)6682
040 ## - CATALOGING SOURCE
Original cataloging agency DLC/ICU
Transcribing agency ICU
Modifying agency DLC
-- BD-RjUL
Language of cataloging eng
041 1# - LANGUAGE CODE
Language code of text/sound track or separate title engger
082 00 - DEWEY DECIMAL CLASSIFICATION NUMBER
Classification number 517.38
Author mark and year HOI 1948
100 1# - MAIN ENTRY--PERSONAL NAME
Personal name Hopf, Ludwig,
Dates associated with a name 1884-
9 (RLIN) 20870
245 10 - TITLE STATEMENT
Title Introduction to the differential equations of physics
Statement of responsibility, etc. tr. by Walter Nef.
260 ## - PUBLICATION, DISTRIBUTION, ETC. (IMPRINT)
Place of publication, distribution, etc. New York :
Name of publisher, distributor, etc. Dover Publications,
Date of publication, distribution, etc. 1948.
300 ## - PHYSICAL DESCRIPTION
Pagination v, 154 p. ;
Size 20 cm.
504 ## - BIBLIOGRAPHY, ETC. NOTE
Bibliography, etc Includes index.
650 #0 - SUBJECT ADDED ENTRY--TOPICAL TERM
Topical term or geographic name as entry element Differential equations.
9 (RLIN) 20872
700 1# - ADDED ENTRY--PERSONAL NAME
Personal name Nef, Walter,
Dates associated with a name 1919-
Relator term tr.
942 ## - ADDED ENTRY ELEMENTS (KOHA)
Source of classification or shelving scheme Dewey Decimal Classification
Koha item type Books
Holdings
Lost status Source of classification or shelving scheme Damaged status Not for loan Collection code Permanent Location Current Location Shelving location Date acquired Source of acquisition Cost, normal purchase price Total Checkouts Full call number Date last seen Copy number Koha item type
  Dewey Decimal Classification   Not For Loan Non-fiction Central Library, University of Rajshahi Central Library, University of Rajshahi   15/11/1965 Zeit 10.00   517.38 HOI 1948 11/01/2014 C-1 Books